000 01630nam a2200397 i 4500
001 ebr10772218
003 CaPaEBR
006 m o d
007 cr cn|||||||||
008 130601s2013 enk ob 000 0 eng d
020 _a9781849284578 (e-book)
020 _z9781849284561
040 _aCaPaEBR
_beng
_erda
_epn
_cCaPaEBR
035 _a(OCoLC)884811469
050 1 4 _aHD30.2
_b.E87 2013eb
082 0 4 _a658.05
_223
100 1 _aEsposito, Angelo.
245 1 0 _aTen steps to ITSM success :
_ba practitioner's guide to enterprise IT transformation /
_cAngelo Esposito, Timothy Rogers.
264 1 _aEly, Cambridgeshire :
_bIT Governance Publishing,
_c2013.
300 _a1 online resource (255 pages)
336 _atext
_2rdacontent
337 _acomputer
_2rdamedia
338 _aonline resource
_2rdacarrier
504 _aIncludes bibliographical references.
588 _aDescription based on online resource; title from PDF title page (ebrary, viewed October 18, 2013).
590 _aElectronic reproduction. Palo Alto, Calif. : ebrary, 2013. Available via World Wide Web. Access may be limited to ebrary affiliated libraries.
630 0 0 _aIT infrastructure library.
630 0 0 _aITSM library.
650 0 _aBusiness enterprises
_xInformation technology
_xManagement.
650 0 _aInformation technology
_xManagement.
650 0 _aOrganizational change
_xManagement.
655 0 _aElectronic books.
700 1 _aRogers, Timothy.
797 2 _aebrary.
856 4 0 _uhttp://site.ebrary.com/lib/rucke/Doc?id=10772218
_zAn electronic book accessible through the World Wide Web; click to view
999 _c127461
_d127461